书目信息 |
| 题名: |
方腊起义资料选注
|
|
| 作者: | ;北京师范学院中文系 编 | |
| 分册: | ||
| 出版信息: | 北京 中华书局 1976 |
|
| 页数: | 13页 | |
| 开本: | 19cm | |
| 丛书名: | 农民战争资料选注 | |
| 单 册: | ||
| 中图分类: | K244.01 | |
| 科图分类: | ||
| 主题词: | 方腊起义--史料--北宋 | |
| 电子资源: | ||
| ISBN: | ||
| 000 | 00694nam2 2200241 45 | |
| 001 | 0176001375 | |
| 005 | 20060818105103.85 | |
| 010 | @dCNY0.07 | |
| 100 | @a19951017d1976 em y0chiy0121 ea | |
| 101 | 0 | @achi |
| 102 | @aCN@b110000 | |
| 105 | @ay z 000yy | |
| 200 | 10 | @a方腊起义资料选注@Afang la qi yi zi liao xuan zhu@f北京师范学院中文系编 |
| 210 | @a北京@c中华书局@d1976 | |
| 215 | @a13页@d19cm | |
| 225 | 2 | @a农民战争资料选注 |
| 410 | 0 | @120010@a农民战争资料选注 |
| 606 | @a方腊起义@x史料@z北宋 | |
| 690 | @aK244.01@v3 | |
| 711 | 02 | @a北京师范学院中文系@Abei jing shi fan xue yuan zhong wen xi@4编 |
| 801 | 2 | @aCN@bNLC@c20060818 |
| 801 | 0 | @aCN@bTSSF |
| 905 | @a10447@dK244.01@e40 | |
| 方腊起义资料选注/北京师范学院中文系编.-北京:中华书局,1976 |
| 13页;19cm.-(农民战争资料选注) |
| ISBN :CNY0.07 |
| ● |
| 相关链接 |
|
|
|
|
正题名:方腊起义资料选注
索取号:K244.01/40
 
预约/预借
| 序号 | 登录号 | 条形码 | 馆藏地/架位号 | 状态 | 备注 |
| 1 | 0466520 | 204665200 | 密集书库/ [索取号:K244.01/40] | 在馆 | |
| 2 | 0466552 | 204665521 | 密集书库/ [索取号:K244.01/40] | 在馆 |